|
|
|
|
| LEADER |
00000caa a22000002c 4500 |
| 001 |
1866300598 |
| 003 |
DE-627 |
| 005 |
20260223075611.0 |
| 007 |
tu |
| 008 |
231019s1995 xx ||||| o 00| ||ger c |
| 035 |
|
|
|a (DE-627)1866300598
|
| 035 |
|
|
|a (DE-599)KXP1866300598
|
| 040 |
|
|
|a DE-627
|b ger
|c DE-627
|e rda
|
| 041 |
|
|
|a ger
|
| 084 |
|
|
|a 1
|2 ssgn
|
| 100 |
1 |
|
|e VerfasserIn
|0 (DE-588)119240041
|0 (DE-627)080041353
|0 (DE-576)161989217
|4 aut
|a Liebmann, Maximilian
|d 1934-2022
|
| 109 |
|
|
|a Liebmann, Maximilian 1934-2022
|
| 245 |
1 |
0 |
|a Ebner Johannes/Würthinger Monika/Zinnhobler Rudolf (Hg.), Das Bistum Linz von 1945 bis 1995
|
| 264 |
|
1 |
|c 1995
|
| 336 |
|
|
|a Text
|b txt
|2 rdacontent
|
| 337 |
|
|
|a ohne Hilfsmittel zu benutzen
|b n
|2 rdamedia
|
| 338 |
|
|
|a Band
|b nc
|2 rdacarrier
|
| 655 |
|
7 |
|a Rezension
|0 (DE-588)4049712-4
|0 (DE-627)106186019
|0 (DE-576)209083166
|2 gnd-content
|
| 773 |
0 |
8 |
|i Enthalten in
|t Theologisch-praktische Quartalschrift
|d Regensburg : Pustet, 1848
|g 143(1995), 2, Seite 204-205
|w (DE-627)129497037
|w (DE-600)207496-5
|w (DE-576)014895854
|x 0040-5663
|7 nnas
|
| 773 |
1 |
8 |
|g volume:143
|g year:1995
|g number:2
|g pages:204-205
|
| 776 |
0 |
8 |
|i Reproduziert als
|a Liebmann, Maximilian, 1934 - 2022
|t Ebner Johannes/Würthinger Monika/Zinnhobler Rudolf (Hg.), Das Bistum Linz von 1945 bis 1995
|d 1995
|w (DE-627)1962110699
|k Electronic
|
| 935 |
|
|
|a DTH5
|
| 951 |
|
|
|a AR
|
| ELC |
|
|
|b 1
|
| ITA |
|
|
|a 1
|t 1
|
| LOK |
|
|
|0 000 xxxxxcx a22 zn 4500
|
| LOK |
|
|
|0 001 4392941698
|
| LOK |
|
|
|0 003 DE-627
|
| LOK |
|
|
|0 004 1866300598
|
| LOK |
|
|
|0 005 20231019034919
|
| LOK |
|
|
|0 008 231019||||||||||||||||ger|||||||
|
| LOK |
|
|
|0 035
|a (DE-Tue135)129497037_143_1995_204.1
|
| LOK |
|
|
|0 040
|a DE-Tue135
|c DE-627
|d DE-Tue135
|
| LOK |
|
|
|0 092
|o n
|
| LOK |
|
|
|0 852
|a DE-Tue135
|
| LOK |
|
|
|0 852 1
|9 00
|
| LOK |
|
|
|0 935
|a imwa
|a ixzs
|
| LOK |
|
|
|0 939
|a 19-10-23
|b l01
|
| ORI |
|
|
|a TA-MARC-ixtheoa001.raw
|